Essentials of medical genomics (Record no. 5042)
[ view plain ]
| 000 -LEADER | |
|---|---|
| fixed length control field | 01235nam a2200313Ia 4500 |
| 100 1# - MAIN ENTRY--AUTHOR NAME | |
| Personal name | Brown, Stuart M., |
| 245 10 - TITLE STATEMENT | |
| Title | Essentials of medical genomics |
| 250 ## - EDITION STATEMENT | |
| Edition statement | 2nd ed. |
| 260 ## - PUBLICATION, DISTRIBUTION, ETC. (IMPRINT) | |
| Place of publication | Hoboken, N.J. : |
| Name of publisher | Wiley-Blackwell, |
| Year of publication | c2009. |
| 300 ## - PHYSICAL DESCRIPTION | |
| Number of Pages | xii, 439 p., [12] p. of plates : |
| Other physical details | ill. (some col.), col. map. |
| 650 #0 - SUBJECT ADDED ENTRY--TOPICAL TERM | |
| Topical Term | Medical genetics. |
| Topical Term | Genomics. |
| 856 40 - ELECTRONIC LOCATION AND ACCESS | |
| Uniform Resource Identifier | http://site.ebrary.com/lib/rucke/Doc?id=10278594 |
No items available.
